International management : strategy and culture in the emerging world

This title presents core theories and models from a global perspective. Students are presented with the fundamental theories of international management so they will be prepared to make decisions in any business situation.

Đã lưu trong:
書目詳細資料
主要作者: Ahlstrom, David
格式: 圖書
語言:Undetermined
出版: Australia South-Western 2010
主題:
標簽: 添加標簽
沒有標簽, 成為第一個標記此記錄!
Thư viện lưu trữ: Trung tâm Học liệu Trường Đại học Cần Thơ
LEADER 00929nam a2200229Ia 4500
001 CTU_197054
008 210402s9999 xx 000 0 und d
020 |c 2182000 
082 |a 658.049 
082 |b A285 
100 |a Ahlstrom, David 
245 0 |a International management : 
245 0 |b strategy and culture in the emerging world 
245 0 |c David Ahlstrom and Garry D. Bruton 
260 |a Australia 
260 |b South-Western 
260 |c 2010 
520 |a This title presents core theories and models from a global perspective. Students are presented with the fundamental theories of international management so they will be prepared to make decisions in any business situation. 
650 |a International business enterprises,Các doanh nghiệp kinh doanh quốc tế 
650 |x Management,Quản lý 
904 |i Lộc, Bằng 
980 |a Trung tâm Học liệu Trường Đại học Cần Thơ